[Event "Ceriano Laghetto op-B 21st"]
[Site "Ceriano Laghetto"]
[Date "2012.03.??"]
[Round "5"]
[White "Manca, Renato"]
[Black "Napoli, Ferdinando"]
[Result "0-1"]
[WhiteElo "1701"]
[BlackElo "1724"]
[PlyCount "80"]
[EventDate "2012.03.24"]
[EventType "swiss"]
[EventRounds "5"]
[EventCountry "ITA"]
[SourceTitle "EXT 2024"]
[Source "ChessBase"]
[SourceDate "2023.10.10"]
[SourceVersion "1"]
[SourceVersionDate "2023.10.10"]
[SourceQuality "1"]

1. e4 c5 2. Nf3 d6 3. d4 cxd4 4. c3 Nf6 5. e5 dxe5 6. Nxe5 Nbd7 7. Bb5 a6 8. Nxd7 Bxd7 9. Bc4 e6 10. 0-0 Rc8 11. Bb3 Be7 12. Qxd4 0-0 13. Rd1 Qa5 14. Bc2 Rfd8 15. Qh4 Bc6 16. Bd2 Qd5 17. Qh3 Qb5 18. Na3 Bxa3 19. bxa3 Qb2 20. Bd3 Ba4 21. Rab1 Qxa2 22. Ra1 Qd5 23. Bh6 Bxd1 24. Rxd1 Qh5 25. Qxh5 Nxh5 26. Be3 Nf6 27. Bg5 Rd5 28. h4 Rcd8 29. Bxh7+ Nxh7 30. Rxd5 Rxd5 31. Be3 b5 32. g4 Nf6 33. f3 Rd3 34. Bd4 Nd5 35. Kf2 Nxc3 36. Be5 Nb1 37. Kg3 Nd2 38. Kf4 Nxf3 39. Ke4 Nxe5 40. Kxe5 Rd5+ 0-1

[Event "Monza Province-ch"]
[Site "Ceriano Laghetto"]
[Date "2011.02.??"]
[Round "3"]
[White "Pino, Nicola"]
[Black "Napoli, Ferdinando"]
[Result "1-0"]
[WhiteElo "1790"]
[BlackElo "1744"]
[PlyCount "45"]
[EventDate "2011.02.??"]
[EventType "swiss"]
[EventRounds "6"]
[EventCountry "ITA"]
[SourceTitle "EXT 2024"]
[Source "ChessBase"]
[SourceDate "2023.10.10"]
[SourceVersion "1"]
[SourceVersionDate "2023.10.10"]
[SourceQuality "1"]

1. e4 d6 2. d4 Nf6 3. Nc3 g6 4. Be3 Bg7 5. Be2 0-0 6. h4 e5 7. h5 exd4 8. Bxd4 Re8 9. hxg6 hxg6 10. f3 Nc6 11. Be3 Nh5 12. Qd2 Be6 13. Bh6 Be5 14. 0-0-0 Qf6 15. Bg5 Qg7 16. g4 Ng3 17. Rh3 Bxc3 18. bxc3 Nxe2+ 19. Nxe2 Ne5 20. Qf4 Nd7 21. Rdh1 f6 22. Bh6 Qf7 23. Bf8 1-0

[Event "Modena Province-ch"]
[Site "Ceriano Laghetto"]
[Date "2010.02.??"]
[Round "5"]
[White "Pellegrini, Fabio"]
[Black "Napoli, Ferdinando"]
[Result "0-1"]
[WhiteElo "1541"]
[BlackElo "1742"]
[PlyCount "78"]
[EventDate "2010.02.02"]
[EventType "swiss"]
[EventRounds "6"]
[EventCountry "ITA"]
[SourceTitle "EXT 2024"]
[Source "ChessBase"]
[SourceDate "2023.10.10"]
[SourceVersion "1"]
[SourceVersionDate "2023.10.10"]
[SourceQuality "1"]

1. e4 c5 2. c3 d5 3. exd5 Qxd5 4. Qf3 Nf6 5. Qxd5 Nxd5 6. Bc4 e6 7. Ne2 Nc6 8. d3 Be7 9. Nd2 Bd7 10. Nf3 0-0 11. Bb3 Bf6 12. Bg5 Bxg5 13. Nxg5 Ne5 14. Bc2 h6 15. Ne4 b6 16. 0-0 Bc6 17. Rad1 Rfd8 18. a3 Rac8 19. c4 Ne7 20. N2g3 Bb7 21. h3 Rd7 22. f4 N5c6 23. Ba4 Rdd8 24. Nd2 Rd4 25. Ne2 Rd6 26. g4 Nd4 27. Nxd4 Rxd4 28. f5 exf5 29. Rfe1 Kf8 30. gxf5 Nxf5 31. Re5 Nh4 32. Re3 f6 33. b4 cxb4 34. axb4 Nf3+ 35. Kf1 Ne5 36. Rde1 Bf3 37. Rxe5 fxe5 38. Rxe5 Kg8 39. Ke1 Rd6 0-1

[Event "Corsico op-B 41st"]
[Site "Corsico"]
[Date "2009.10.03"]
[Round "3"]
[White "Napoli, Ferdinando"]
[Black "Gonella, Daniele"]
[Result "0-1"]
[WhiteElo "1744"]
[BlackElo "1827"]
[PlyCount "88"]
[EventDate "2009.10.02"]
[EventType "swiss"]
[EventRounds "5"]
[EventCountry "ITA"]
[SourceTitle "EXT 2012"]
[Source "ChessBase"]
[SourceDate "2011.11.24"]
[SourceVersion "1"]
[SourceVersionDate "2011.11.24"]
[SourceQuality "1"]

1. Nf3 Nf6 2. b3 d5 3. Bb2 Nc6 4. e3 Bf5 5. Bb5 a6 6. Bxc6+ bxc6 7. Ne5 c5 8. d3 e6 9. Nd2 Bd6 10. 0-0 0-0 11. h3 Nd7 12. Nc6 Qe8 13. e4 dxe4 14. dxe4 Bg6 15. e5 Be7 16. Nxe7+ Qxe7 17. Qe2 Bxc2 18. Rac1 Bf5 19. Ba3 Qg5 20. Nf3 Qg6 21. Nh4 Qg5 22. Nxf5 Qxf5 23. Bxc5 Rfd8 24. Ba3 Qxe5 25. Qxe5 Nxe5 26. Rxc7 Rd2 27. Rfc1 h6 28. R1c2 Rad8 29. Bb2 Rd1+ 30. Kh2 Nd3 31. Ra7 e5 32. f3 Ne1 33. Rc1 Rxc1 34. Bxc1 f5 35. Rxa6 Rd1 36. Rc6 Nd3 37. Rd6 e4 38. fxe4 fxe4 39. Be3 Re1 40. Bd4 Re2 41. Rg6 Ne1 42. Rxg7+ Kf8 43. Rg4 Nf3+ 44. Kg3 Nxd4 0-1

[Event "CO Province-ch"]
[Site "Mariano Comense"]
[Date "2008.01.27"]
[Round "6"]
[White "Mason, Giovanni"]
[Black "Napoli, Ferdinando"]
[Result "1/2-1/2"]
[WhiteElo "1562"]
[BlackElo "1802"]
[PlyCount "80"]
[EventDate "2008.01.19"]
[EventType "swiss"]
[EventRounds "6"]
[EventCountry "ITA"]
[SourceTitle "EXT 2009"]
[Source "ChessBase"]
[SourceDate "2008.11.26"]
[SourceVersion "1"]
[SourceVersionDate "2008.11.26"]
[SourceQuality "1"]

1. e4 c5 2. c4 d6 3. Nf3 Nc6 4. Be2 g6 5. 0-0 Bg7 6. Nc3 Nf6 7. d3 0-0 8. h3 a6 9. Be3 Qc7 10. Qd2 e6 11. Bh6 b6 12. g4 Rd8 13. Bxg7 Kxg7 14. Nh2 Nd4 15. f4 Bb7 16. Nf3 Nxe2+ 17. Nxe2 Qe7 18. Qc3 e5 19. fxe5 dxe5 20. g5 Nd7 21. h4 Re8 22. Nf4 Kg8 23. Nd5 Bxd5 24. exd5 b5 25. b3 b4 26. Qe1 e4 27. Qxe4 Qxe4 28. dxe4 Rxe4 29. Rfe1 Rae8 30. Rxe4 Rxe4 31. Re1 Rxe1+ 32. Nxe1 f5 33. Nd3 Kf7 34. Kf2 Ke7 35. Kf3 Kd6 36. Kf4 a5 37. Kf3 Nb6 38. Kf4 a4 39. Ne5 a3 40. Nd3 Nxc4 1/2-1/2

[Event "Villa Guardia D Oro Cup 25th"]
[Site "Villa Guardia"]
[Date "2007.10.26"]
[Round "4"]
[White "Boffi, Luigi"]
[Black "Napoli, Ferdinando"]
[Result "1-0"]
[WhiteElo "1557"]
[BlackElo "1850"]
[PlyCount "83"]
[EventDate "2007.10.05"]
[EventType "swiss"]
[EventRounds "7"]
[EventCountry "ITA"]
[SourceTitle "EXT 2010"]
[Source "ChessBase"]
[SourceDate "2010.11.25"]
[SourceVersion "1"]
[SourceVersionDate "2010.11.25"]
[SourceQuality "1"]

1. Nf3 Nf6 2. d4 g6 3. c4 Bg7 4. Nc3 0-0 5. e4 d6 6. Be2 e5 7. 0-0 Nc6 8. dxe5 Nxe5 9. Nxe5 dxe5 10. Bg5 c6 11. Qxd8 Rxd8 12. Rad1 Be6 13. Rd2 Rd4 14. b3 Rad8 15. Rfd1 R8d7 16. Be3 Rxd2 17. Rxd2 Rxd2 18. Bxd2 Bf8 19. f3 Bc5+ 20. Kf1 Bb4 21. Kf2 Nd7 22. Nb1 Bc5+ 23. Be3 Bd4 24. Na3 Kf8 25. Nc2 c5 26. Bxd4 exd4 27. Ne1 f5 28. exf5 Bxf5 29. Bd3 Bxd3 30. Nxd3 Ke7 31. a3 Kd6 32. Ke2 Ne5 33. Nf2 g5 34. Ne4+ Kc6 35. Nxg5 h5 36. Ne4 Ng6 37. g3 Ne5 38. h4 a6 39. Nf6 b5 40. cxb5+ axb5 41. f4 Nd7 42. Nxh5 1-0